Statistics for Tottenham Hotspur all-time top scorers

Click here to take the quiz!

General Stats

  • This quiz has been taken 27 times
  • The average score is 6 of 10

Answer Stats

GoalsNationalityPlayer% Correct
280EnglandHarry Kane
100%
159South KoreaHeung-min Son
100%
122IrelandRobbie Keane
92%
143EnglandJermain Defoe
83%
196EnglandJimmy Greaves
71%
117EnglandTeddy Sheringham
67%
118WalesCliff Jones
29%
120EnglandBobby Smith
25%
96EnglandMartin Chivers
17%
87EnglandMark Falco
0%

Score Distribution

Percentile by Number Answered

Percent of People with Each Score

Your Score History

You have not taken this quiz